000 00412nam a22001457a 4500
999 _c17054
_d17054
008 180727b xxu||||| |||| 00| 0 eng d
020 _a0130464740
050 _aHB172.5
_b.C37 2003 c.1
100 _aCase, Karl E.
245 _aPrinciples of Macroeconomics
_cKarl E. Case
250 _a6th ed.
_b2002- 2003 updated edition
300 _a1 vol (various paging)
650 _aMacroeconomics
942 _2lcc
_cBK